000 00445nam a2200181Ia 4500
001 14021
005 20260306164843.0
008 260306t2010||||xx |||||||||||||| ||spa||
041 _aESP
082 _a005.82
_bF38
100 _aFerguson, Niels
_eAUT
245 0 _aCryptography Engineering:
_bdesign principles and practical applications
260 _c2010
300 _a
_c
650 _aGEN
654 _aCCC
942 _cLIB
_dJUS
_fJUS
_2ddc
_n
999 _c14021
_d14021